书目信息 |
| 题名: |
莲池书院法帖
|
|
| 作者: | ||
| 分册: | ||
| 出版信息: | 石家庄 河北美术出版社 1982 |
|
| 页数: | 160页 | |
| 开本: | 25cm | |
| 丛书名: | ||
| 单 册: | ||
| 中图分类: | J292.21 , J292.2 | |
| 科图分类: | ||
| 主题词: | 法书--中国--选集 | |
| 电子资源: | ||
| ISBN: | ||
| 000 | 00569nam0 2200229 45 | |
| 001 | 1570545176 | |
| 005 | 20150131185832.85 | |
| 010 | @dCNY2.60 | |
| 091 | @aCN@b1087.134 | |
| 100 | @a19950603d1982 em y0chiy0121 ea | |
| 101 | 0 | @achi |
| 102 | @aCN@b130000 | |
| 105 | @ay z 000yy | |
| 200 | 10 | @a莲池书院法帖@Alian chi shu yuan fa tie |
| 210 | @a石家庄@c河北美术出版社@d1982 | |
| 215 | @a160页@d25cm | |
| 606 | @a法书@y中国@x选集 | |
| 690 | @aJ292.21@v3 | |
| 690 | @aJ292.2@v4 | |
| 801 | 0 | @aCN@bTSSF@c20150131 |
| 801 | 2 | @aCN@bNLC |
| 905 | @aZUCC@dJ292.2@eJY2 | |
| 莲池书院法帖.-石家庄:河北美术出版社,1982 |
| 160页;25cm |
| ISBN :CNY2.60 |
| ● |
| 相关链接 |
|
|
|
|
正题名:莲池书院法帖
索取号:J292.2/JY2
 
预约/预借
| 序号 | 登录号 | 条形码 | 馆藏地/架位号 | 状态 | 备注 |
| 1 | 7862770 | 278627700 | 学院路分馆/ [索取号:J292.2/JY2] | 在馆 |